00401nam a2200145Ia 4500008004100000020001500041041000800056082001700064100003600081245006400117250000600181260003700187300001200224650001900236210716s2001 xx 000 0 und d a8177221965 aeng a005.133 JONJ aJones, Jacqueline;Harrow Keith. aC programming: with problem solving.bWith problem solving. a1 aNew DelhibDreamtech Pressc2001 axii,756 aC++ Progamming